| 000 | 01001nas a2200325 4500 | ||
|---|---|---|---|
| 001 | BR2022000703 | ||
| 003 | BR-BrBNA | ||
| 005 | 20231205132306.0 | ||
| 007 | ta | ||
| 008 | 230509b bl.|||p| |||| 00| 00por d | ||
| 040 |
_aBR-BrBNA _bpor _cBiblioteca Nacional de Agricultura |
||
| 041 | _a(Pt) | ||
| 072 | _aH01; H20; H10 | ||
| 100 | 1 | _aFrigo, P. | |
| 100 | 1 | _aSilva, T.R.B. da | |
| 100 | 1 | _aCarraro, T.V. | |
| 100 | 1 | _aBarbosa, N.A. | |
| 100 | 1 | _aArieira, C.R.D. | |
| 100 | 1 | _aStracieri, J. | |
| 245 | 1 | _aIndutores de resistência nos aspectos vegetativos e nutricionais da soja | |
| 650 | _aSOJA | ||
| 650 | _aPRAGA DE PLANTA | ||
| 650 | _aDOENÇA DE PLANTA | ||
| 650 | _aANÁLISE DE RISCO | ||
| 650 | _aDEFESA VEGETAL | ||
| 773 | 0 |
_tActa Iguazu (Brazil) _xISSN 2316-4093 _g(2018), v. 7(2) p. 109-115 _wBR2022000703 |
|
| 856 | 4 | 0 | _uhttps://e-revista.unioeste.br/index.php/actaiguazu/article/view/16760/12771 |
| 909 |
_a202311 _bLúcia _c55 _dLúcia Elande |
||
| 942 |
_2AGRIS _n0 _cANA |
||
| 999 |
_c259515 _d259515 |
||